000 00287nam a22001337a 4500
008 170731b xxu||||| |||| 00| 0 eng d
020 _a9780471492788
041 _aeng
080 _a004
100 _a32
101 _aSHK
245 _aINTERACTION DESIGN
_cREDVERS,G
942 _2udc
_cBK
999 _c22258
_d22258